<The> Brouwer fixed - point theorem
Salvato in:
| Autore principale: | |
|---|---|
| Natura: | Libro |
| Lingua: | inglese |
| Pubblicazione: |
Queensland
University
1982
|
| Tags: |
Nessun Tag, puoi essere il primo ad aggiungerne!!
|
MARC
| LEADER | 00000nam a2200000 4500 | ||
|---|---|---|---|
| 001 | c130948 | ||
| 005 | 20041019155251.0 | ||
| 041 | 0 | |a eng | |
| 044 | |a AU | ||
| 245 | 1 | 0 | |a <The> Brouwer fixed - point theorem |c G. Mehta |
| 264 | 1 | |a Queensland |b University |c 1982 | |
| 300 | |a 46 s. | ||
| 100 | 1 | |a Mehta, G. | |